书目信息 |
| 题名: |
photoshop 图像处理实用教程
|
|
| 作者: | 袁启昌 主编 | |
| 分册: | ||
| 出版信息: | 北京 清华大学出版社 2007.09 |
|
| 页数: | 281页 | |
| 开本: | 26cm | |
| 丛书名: | ||
| 单 册: | ||
| 中图分类: | TP391.41 | |
| 科图分类: | ||
| 主题词: | 计算机应用 | |
| 电子资源: | ||
| ISBN: | 978-7-302-15762-5 | |
| 000 | 00620nam0 2200193 450 | |
| 001 | 0837286531 | |
| 005 | 20080228102435.45 | |
| 010 | @a978-7-302-15762-5@dCNY24.00 | |
| 100 | @a20080228d2007 km y0chiy0120 ea | |
| 101 | 0 | @achi |
| 102 | @aCN@b110000 | |
| 200 | 1 | @aphotoshop 图像处理实用教程@Aphotoshop tu xiang chu li shi yong jiao cheng@f袁启昌主编@Fyuan qi chang zhu bian |
| 210 | @a北京@c清华大学出版社@d2007.09 | |
| 215 | @a281页@d26cm | |
| 606 | 0 | @a计算机应用 |
| 690 | @aTP391.41@v4 | |
| 701 | 0 | @a袁启昌@Ayuan qi chang@4主编 |
| 801 | 0 | @aCN@b大连网信软件有限公司图书馆·11@c20080228 |
| 905 | @aZUCC@dTP391.41@eY900 | |
| photoshop 图像处理实用教程/袁启昌主编.-北京:清华大学出版社,2007.09 |
| 281页;26cm |
| ISBN 978-7-302-15762-5:CNY24.00 |
| ● |
| 相关链接 |
|
|
|
正题名:photoshop 图像处理实用教程
索取号:TP391.41/Y900
 
预约/预借
| 序号 | 登录号 | 条形码 | 馆藏地/架位号 | 状态 | 备注 |
| 1 | 478476 | 204784769 | 计算机与数据科学学院资料室/ [索取号:TP391.41/Y900] | 在馆 |